[Event "ARG-ch U2000"]
[Site "Tacuari"]
[Date "2018.11.17"]
[Round "2"]
[White "Sommariva, Rene"]
[Black "Varela, Malco Sayin"]
[Result "0-1"]
[WhiteElo "1950"]
[BlackElo "1880"]
[PlyCount "90"]
[EventDate "2018.11.16"]
[EventType "swiss"]
[EventRounds "8"]
[EventCountry "ARG"]
[SourceTitle "EXT 2020"]
[Source "ChessBase"]
[SourceDate "2019.10.17"]
[SourceVersion "1"]
[SourceVersionDate "2019.10.17"]
[SourceQuality "1"]

1. e4 d6 2. d4 Nf6 3. Nc3 g6 4. Nf3 Bg7 5. Be2 0-0 6. 0-0 c6 7. Re1 Qc7 8. h3 e5 9. Bf1 b5 10. a3 Nbd7 11. d5 a6 12. dxc6 Qxc6 13. Bg5 Nc5 14. Bxf6 Bxf6 15. Nd5 Bd8 16. Qd2 f5 17. Nb4 Qc7 18. Qd5+ Rf7 19. Qxa8 Bb7 20. Nd5 Qd7 21. Qb8 fxe4 22. Nxe5 dxe5 23. Rad1 Bxd5 24. Qxe5 Rf5 25. Qd4 Bb6 26. Re2 Qf7 27. g4 Rg5 28. Qe3 h6 29. Qg3 Nd7 30. h4 Re5 31. Red2 e3 32. Rxd5 exf2+ 33. Kh1 Rxd5 34. Bd3 Re5 35. Rf1 Qd5+ 36. Qg2 Qxg2+ 37. Kxg2 Kg7 38. a4 bxa4 39. Bxa6 Nf6 40. Kf3 Ne4 41. Rd1 Re7 42. Kg2 h5 43. gxh5 gxh5 44. Be2 Nf6 45. Kf1 Ng4 0-1

[Event "Trelew Acevedo Cup"]
[Site "Trelew"]
[Date "2018.05.01"]
[Round "7"]
[White "Paolini, Claudio P"]
[Black "Sommariva, Rene"]
[Result "0-1"]
[WhiteElo "1937"]
[BlackElo "1870"]
[PlyCount "90"]
[EventDate "2018.04.27"]
[EventType "swiss"]
[EventRounds "7"]
[EventCountry "ARG"]
[SourceTitle "CBM 184 Extra"]
[Source "ChessBase"]
[SourceDate "2018.06.28"]
[SourceVersion "1"]
[SourceVersionDate "2018.06.28"]
[SourceQuality "1"]

1. e4 e5 2. Nf3 Nc6 3. Bb5 a6 4. Ba4 Nf6 5. Qe2 Be7 6. 0-0 d6 7. c3 b5 8. Bb3 0-0 9. h3 Na5 10. Bc2 c5 11. d3 Qc7 12. Bg5 Bb7 13. Nbd2 Nc6 14. Rfe1 Nd8 15. Nf1 Ne6 16. Bd2 Rfe8 17. g4 Bf8 18. Ng3 g6 19. g5 Nf4 20. Qf1 N6h5 21. Nxh5 Nxh5 22. Qg2 Bg7 23. Kh2 d5 24. Rad1 Rad8 25. Bc1 d4 26. Ng1 c4 27. Ne2 Rd6 28. f3 cxd3 29. Bxd3 dxc3 30. Nxc3 Red8 31. Qc2 Qd7 32. Bf1 Rd4 33. a3 Qc7 34. Qb3 Nf4 35. Bxf4 exf4 36. Rxd4 Rxd4 37. Rd1 Qd7 38. h4 Rd2+ 39. Bg2 Bxc3 40. Rxd2 Bxd2 41. Qc2 Be1 42. Qc5 Bg3+ 43. Kg1 Qd1+ 44. Bf1 Qxf3 45. Bg2 Qe3+ 0-1

[Event "Mar del Plata op 37th"]
[Site "Mar del Plata"]
[Date "2006.04.08"]
[Round "1"]
[White "Cubas, Jose Fernando"]
[Black "Sommariva, Rene"]
[Result "1-0"]
[WhiteElo "2425"]
[BlackElo "2058"]
[PlyCount "75"]
[EventDate "2006.04.08"]
[EventType "swiss"]
[EventRounds "9"]
[EventCountry "ARG"]
[SourceTitle "CBM 111 Extra"]
[Source "ChessBase"]
[SourceDate "2006.05.09"]
[SourceVersion "1"]
[SourceVersionDate "2006.05.09"]
[SourceQuality "1"]

1. e4 e5 2. Nf3 Nc6 3. Bc4 Nf6 4. d3 Bc5 5. c3 Bb6 6. Nbd2 d6 7. h3 a6 8. Bb3 h6 9. Nf1 Be6 10. Ng3 0-0 11. Bc2 d5 12. Qe2 d4 13. 0-0 Nh7 14. Kh1 Bc5 15. Nh2 Qh4 16. Nf5 Bxf5 17. exf5 Qe7 18. Bd2 Rfe8 19. Rfe1 Qf6 20. Qf3 Ng5 21. Qh5 Bf8 22. h4 Nh7 23. Bb3 Be7 24. Kg1 Rf8 25. g3 Qd6 26. Ng4 Nf6 27. Nxf6+ Qxf6 28. Re4 Kh7 29. Kg2 dxc3 30. bxc3 Rad8 31. Bc2 b5 32. g4 b4 33. Bg5 Qd6 34. d4 Bxg5 35. hxg5 Qd5 36. f6 Rg8 37. Rh1 exd4 38. Qxh6+ 1-0